00525nam a2200217Ia 4500008004100000020001800041050001600059100001600075245002100091245002900112245004800141260001500189260001600204260000900220300001500229300002000244300001000264300001800274440000700292500000800299170918s9999 xx 000 0 und d a9780545200363 bB632be 2008 aBlade, Adam 4aThe dark realm : bsting the scorpion man / cby Adam Blade ; illustrated by Ezra Tucker. aNew York : bScholastic, c2008 a75 pages : billustrations ; c19cm. eBeast Quest ; a18 a790